000 00971cam a2200301 a 4500
999 _c77192
_d314469
001 17515961
003 OSt
005 20190821110051.0
008 121031s2018 maua b 001 0 eng
020 _a9780081010358
020 _a1292040610
035 _a(DNLM)101594979
040 _aDNLM/DLC
_cDLC
_dDLC
050 0 0 _aRK60.7
_b.H37 2014
060 1 0 _aWU 113
082 0 0 _a617.601
_223
_bDBM
245 0 0 _aMaterials Scie nce for Dentistry /
_cB. W. Darvell.
250 _a10th ed.
260 _aBoston :
_bWoodhead Publishing Series in Biomaterials /
_c2018
300 _axxvi, 813 p.
_b: ill. (chiefly col.) ;
_c28 cm.
504 _aIncludes bibliographical references and index.
650 1 2 _aPreventive Dentistry
_xmethods.
_974462
650 2 2 _aDental Plaque
_xprevention & control.
_974463
650 2 2 _aPrimary Prevention
_xmethods.
_974464
942 _2ddc
_cBOOK
906 _a7
_bcbc
_corignew
_d1
_eecip
_f20
_gy-gencatlg